DIFFERENTIAL CALCULUS (Record no. 216444)

MARC details
000 -LEADER
fixed length control field 00438nam a22001577a 4500
008 - FIXED-LENGTH DATA ELEMENTS--GENERAL INFORMATION
fixed length control field 260109b |||||||| |||| 00| 0 eng d
020 ## - INTERNATIONAL STANDARD BOOK NUMBER
International Standard Book Number 978-81-224-8454-0
100 ## - MAIN ENTRY--PERSONAL NAME
Personal name BALI, N. P.
245 ## - TITLE STATEMENT
Title DIFFERENTIAL CALCULUS
Remainder of title B/ABSC.STUDNETS AND COMPETITIVE EXAMINATIONS
250 ## - EDITION STATEMENT
Edition statement 14TH ED
260 ## - PUBLICATION, DISTRIBUTION, ETC.
Place of publication, distribution, etc. LONDON
Name of publisher, distributor, etc. NEW AGE
Date of publication, distribution, etc. 2024
300 ## - PHYSICAL DESCRIPTION
Extent 1079P., XIII
650 ## - SUBJECT ADDED ENTRY
Topical term or geographic name entry element DIFFERENTIAL CALCULUS
942 ## - ADDED ENTRY ELEMENTS (KOHA)
Source of classification or shelving scheme Library of Congress Classification
Koha item type Long Loan Book
Holdings
Withdrawn status Lost status Source of classification or shelving scheme Damaged status Not for loan Collection Home library Current library Shelving location Date acquired Inventory number Total checkouts Full call number Barcode Date last seen Date last checked out Copy number Price effective from Koha item type
    Library of Congress Classification     Science & Technology Kisii University Library Kisii University Library On Display 01/09/2026 110880 1 QA 304 .B35 2024 000000018897 03/05/2026 02/23/2026 C.1 01/09/2026 Long Loan Book
    Library of Congress Classification     Science & Technology Kisii University Library Kisii University Library On Display 01/09/2026 110881 1 QA 304 .B35 2024 000000018898 03/14/2026 03/04/2026 C.2 01/09/2026 Long Loan Book